[Event "EU-ch U16 26th"]
[Site "Prague"]
[Date "2016.08.24"]
[Round "6"]
[White "Miesbauer, Jan"]
[Black "Adar, Idan"]
[Result "0-1"]
[WhiteElo "2272"]
[BlackElo "1990"]
[PlyCount "134"]
[EventDate "2016.08.18"]
[EventType "swiss"]
[EventRounds "9"]
[EventCountry "CZE"]
[SourceTitle "CBM 174 Extra"]
[Source "ChessBase"]
[SourceDate "2016.10.10"]
[SourceVersion "1"]
[SourceVersionDate "2016.10.10"]
[SourceQuality "1"]

1. d4 Nf6 2. c4 c5 3. d5 e6 4. Nc3 exd5 5. cxd5 d6 6. g3 g6 7. Bg2 Bg7 8. Nf3 0-0 9. 0-0 Re8 10. Bf4 Bf5 11. Nd2 Nh5 12. Nc4 Nxf4 13. gxf4 Bxc3 14. bxc3 b5 15. Nd2 Qh4 16. e3 Nd7 17. c4 a6 18. Qb3 Nf6 19. Qb2 Ne4 20. Nf3 Qf6 21. Qxf6 Nxf6 22. Nd2 Rab8 23. Rfd1 Ne4 24. Nxe4 Bxe4 25. f3 Bc2 26. Rd2 Ba4 27. e4 bxc4 28. Rc1 Rb4 29. Bf1 Bb5 30. Rc3 Kf8 31. Kf2 Rb8 32. Ke3 Ke7 33. e5 Rd8 34. Be2 g5 35. exd6+ Kxd6 36. fxg5 Re8+ 37. Kf2 Re5 38. f4 Rxd5 39. Rxd5+ Kxd5 40. Ke3 a5 41. Bf3+ Ke6 42. Be4 f5 43. Bc2 Rb2 44. a3 Ra2 45. h4 Ra1 46. h5 Be8 47. h6 Bg6 48. Ba4 Kd5 49. Bb5 Re1+ 50. Kf3 Re4 51. Ba6 Bh5+ 52. Kg3 Rd4 53. Bb7+ Kd6 54. Bf3 Bf7 55. Re3 Rd3 56. Kf2 Rb3 57. Bd1 Rd3 58. Bc2 Rd2+ 59. Re2 c3 60. Bxf5 Bh5 61. Rxd2+ cxd2 62. Bc2 d1Q 63. Bxd1 Bxd1 64. g6 Bc2 65. g7 Bb3 66. Ke3 Bd5 67. Kd3 Ke7 0-1

[Event "EU-ch U16 26th"]
[Site "Prague"]
[Date "2016.08.19"]
[Round "2"]
[White "Stastny, Petr"]
[Black "Adar, Idan"]
[Result "0-1"]
[WhiteElo "1476"]
[BlackElo "1990"]
[PlyCount "64"]
[EventDate "2016.08.18"]
[EventType "swiss"]
[EventRounds "9"]
[EventCountry "CZE"]
[SourceTitle "CBM 174 Extra"]
[Source "ChessBase"]
[SourceDate "2016.10.10"]
[SourceVersion "1"]
[SourceVersionDate "2016.10.10"]
[SourceQuality "1"]

1. e4 e5 2. Nf3 Nc6 3. Bc4 Bc5 4. Nc3 Nf6 5. d3 h6 6. Be3 Bb6 7. Qe2 0-0 8. h3 Re8 9. g4 Nd4 10. Bxd4 exd4 11. Nd5 Nxd5 12. Bxd5 c6 13. Bb3 d5 14. 0-0-0 a5 15. a4 Qf6 16. Rdg1 Bc7 17. g5 hxg5 18. Kb1 Bf4 19. e5 Qd8 20. Rg2 Rb8 21. Nxd4 Bxe5 22. Nf3 Bf4 23. Qd1 b5 24. c3 Qb6 25. Qc2 Bf5 26. Nd4 bxa4 27. Nxf5 axb3 28. Qd1 Qb5 29. Rg4 Qa4 30. Rxf4 Qa2+ 31. Kc1 Qa1+ 32. Kd2 Qxb2+ 0-1

[Event "EU-ch U16 26th"]
[Site "Prague"]
[Date "2016.08.18"]
[Round "1"]
[White "Adar, Idan"]
[Black "Mirzoyan, David"]
[Result "0-1"]
[WhiteElo "1990"]
[BlackElo "2294"]
[PlyCount "148"]
[EventDate "2016.08.18"]
[EventType "swiss"]
[EventRounds "9"]
[EventCountry "CZE"]
[SourceTitle "CBM 174 Extra"]
[Source "ChessBase"]
[SourceDate "2016.10.10"]
[SourceVersion "1"]
[SourceVersionDate "2016.10.10"]
[SourceQuality "1"]

1. d4 Nf6 2. c4 e6 3. Nc3 Bb4 4. Qc2 0-0 5. Bg5 b6 6. Nf3 Bb7 7. e3 h6 8. Bh4 d6 9. Be2 Nbd7 10. 0-0 Bxc3 11. Qxc3 Qe7 12. Rac1 g5 13. Bg3 Ne4 14. Qc2 f5 15. Nd2 e5 16. dxe5 dxe5 17. Rfd1 Nd6 18. f3 a5 19. Nb1 Nc5 20. Nc3 Rad8 21. Nd5 Qg7 22. b3 Ne6 23. Qc3 f4 24. exf4 gxf4 25. Bh4 Rd7 26. Bd3 Nd4 27. Kh1 Nc8 28. Qe1 c5 29. Be4 Bxd5 30. Bxd5+ Kh8 31. Bf2 Nd6 32. a3 N6f5 33. b4 axb4 34. axb4 Ra7 35. bxc5 bxc5 36. Qc3 Ra2 37. Qe1 Ne3 38. g4 Nxd1 39. Rxd1 Rb8 40. Rb1 Qc7 41. Bh4 Ra6 42. Rxb8+ Qxb8 43. Be7 Nc2 44. Qe4 Qb1+ 45. Kg2 Ne3+ 46. Kh3 Qxe4 47. Bxe4 Nxc4 48. Bxc5 Kg7 49. Be7 Nd2 50. Bd5 Ra5 51. Bc6 Ra2 52. Bd5 Rc2 53. g5 hxg5 54. Kg4 Nf1 55. Kxg5 Ne3 56. Bf6+ Kf8 57. Be4 Rg2+ 58. Kh5 Rxh2+ 59. Kg5 Rg2+ 60. Kh5 Nc4 61. Bd5 Nb6 62. Be6 e4 63. Bd4 Na4 64. fxe4 f3 65. Bb3 Nb2 66. Bc5+ Ke8 67. Bd5 f2 68. Bc6+ Kd8 69. Bb5 Nd1 70. Bd4 Rg1 71. Kh4 f1Q 72. Bxf1 Rxf1 73. Kg3 Kd7 74. Kg2 Rf7 0-1

[Event "Jerusalem Japhet Memorial op 3rd"]
[Site "Jerusalem"]
[Date "2016.07.12"]
[Round "4"]
[White "Adar, Idan"]
[Black "Gershkowich, David"]
[Result "0-1"]
[WhiteElo "1975"]
[BlackElo "2219"]
[PlyCount "156"]
[EventDate "2016.07.10"]
[EventType "swiss"]
[EventRounds "7"]
[EventCountry "ISR"]
[SourceTitle "CBM 173 Extra"]
[Source "ChessBase"]
[SourceDate "2016.08.29"]
[SourceVersion "1"]
[SourceVersionDate "2016.08.29"]
[SourceQuality "1"]

1. d4 Nf6 2. Bg5 Ne4 3. Bf4 c5 4. f3 Nf6 5. d5 Qb6 6. Nc3 d6 7. e4 g6 8. Qd2 Nbd7 9. 0-0-0 h5 10. h4 Bg7 11. Kb1 a6 12. Nh3 Qa5 13. Ng5 b5 14. Re1 c4 15. Nd1 Qxd2 16. Bxd2 0-0 17. Ne3 Nb6 18. c3 Na4 19. Be2 Rb8 20. Bd1 Nc5 21. Bc2 a5 22. f4 Nfd7 23. g4 hxg4 24. h5 gxh5 25. Nf5 Re8 26. Nxg7 Kxg7 27. Rxh5 Nf6 28. Rh4 Nd3 29. Bxd3 cxd3 30. Reh1 Bd7 31. e5 Bf5 32. exf6+ exf6 33. Nxf7 Kxf7 34. Kc1 Rg8 35. Be3 g3 36. Bd4 g2 37. Rg1 Rbe8 38. Rh6 Rg6 39. Rxg6 Bxg6 40. Rxg2 Re1+ 41. Kd2 Ra1 42. a3 Be4 43. Rh2 Kg6 44. Bb6 a4 45. Bc7 Bxd5 46. Kxd3 Bc4+ 47. Kd2 Bb3 48. Ke3 d5 49. Rd2 Kf5 50. Rf2 Rh1 51. Bd6 Rh7 52. Rf1 Bc4 53. Rf2 Rh1 54. Bc5 Kg4 55. Bd4 Rh3+ 56. Kd2 Rd3+ 57. Ke1 f5 58. Bc5 Rh3 59. Bd4 Kg3 60. Kd2 Rh1 61. Bc5 Rb1 62. Kc2 Ra1 63. Kd2 Bb3 64. Bb6 Rd1+ 65. Ke2 Rh1 66. Kd2 Bc4 67. Bc5 Kg4 68. Bd4 Rb1 69. Kc2 Re1 70. Kd2 Re4 71. Rg2+ Kxf4 72. Rf2+ Kg4 73. Rg2+ Kh3 74. Rg7 Re2+ 75. Kc1 f4 76. Rf7 Kg4 77. Rg7+ Kf3 78. Rf7 Bb3 0-1

[Event "Wch U16"]
[Site "Porto Carras"]
[Date "2015.10.25"]
[Round "1"]
[White "Adar, Idan"]
[Black "Makhnyov, Denis"]
[Result "1/2-1/2"]
[WhiteElo "2060"]
[BlackElo "2399"]
[PlyCount "89"]
[EventDate "2015.10.25"]
[EventType "tourn"]
[EventRounds "11"]
[EventCountry "GRE"]
[SourceTitle "CBM 169 Extra"]
[Source "ChessBase"]
[SourceDate "2015.12.18"]
[SourceVersion "1"]
[SourceVersionDate "2015.12.18"]
[SourceQuality "1"]

1. e4 e5 2. Nf3 Nc6 3. Bb5 Nf6 4. d3 Bc5 5. 0-0 Nd4 6. Nxd4 Bxd4 7. c3 Bb6 8. Na3 c6 9. Ba4 0-0 10. Bc2 d5 11. Qf3 Be6 12. h3 Nd7 13. c4 dxe4 14. dxe4 Bd4 15. Rb1 a5 16. Be3 Qb6 17. Bxd4 Qxd4 18. Rfd1 Qc5 19. Bd3 Rfd8 20. Rbc1 Qb4 21. Nc2 Qxb2 22. Rb1 Qxa2 23. Qe2 a4 24. Rb4 Nc5 25. Ra1 Qxa1+ 26. Nxa1 Rxd3 27. Rxb7 Rc3 28. Qb2 Nxb7 29. Qxc3 Nd6 30. Qxe5 Nxc4 31. Qd4 a3 32. f4 f6 33. Qc5 Bf7 34. Qxc6 Rb8 35. Qc7 Rb1+ 36. Kh2 h6 37. e5 fxe5 38. fxe5 Re1 39. Nc2 Re2 40. e6 Bxe6 41. Nd4 a2 42. Nxe6 a1Q 43. Qc8+ Kf7 44. Qd7+ Kg8 45. Qe8+ 1/2-1/2

[Event "EU-ch 16th"]
[Site "Jerusalem"]
[Date "2015.03.05"]
[Round "9"]
[White "Marusenko, Petr"]
[Black "Adar, Idan"]
[Result "1-0"]
[WhiteElo "2205"]
[BlackElo "1912"]
[PlyCount "77"]
[EventDate "2015.02.24"]
[EventType "swiss"]
[EventRounds "11"]
[EventCountry "ISR"]
[SourceTitle "CBM 166"]
[Source "ChessBase"]
[SourceDate "2015.05.11"]
[SourceVersion "1"]
[SourceVersionDate "2015.05.11"]
[SourceQuality "1"]

1. d4 Nf6 2. c4 c5 3. d5 e6 4. Nc3 exd5 5. cxd5 d6 6. Nf3 g6 7. Bg5 h6 8. Bh4 g5 9. Bg3 Nh5 10. Nd2 Nxg3 11. hxg3 Bg7 12. Qa4+ Nd7 13. Nc4 0-0 14. Qc2 Nb6 15. Nd2 f5 16. e3 Qf6 17. Be2 Bd7 18. a4 a6 19. Qb3 Nc8 20. Qxb7 Ra7 21. Qb3 Be8 22. 0-0 h5 23. e4 f4 24. g4 Bd7 25. Qd1 Qd4 26. gxh5 g4 27. h6 Bxh6 28. Bxg4 f3 29. Bxd7 Bxd2 30. Be6+ Kh8 31. gxf3 Rg7+ 32. Bg4 Rf6 33. Kg2 Kg8 34. Ne2 Qd3 35. Ra3 Rxg4+ 36. fxg4 Qxe4+ 37. f3 Qxd5 38. Nc3 Qd4 39. Ne4 1-0

[Event "EU-ch 16th"]
[Site "Jerusalem"]
[Date "2015.03.03"]
[Round "7"]
[White "Indjic, Aleksandar"]
[Black "Adar, Idan"]
[Result "1-0"]
[WhiteElo "2546"]
[BlackElo "1912"]
[PlyCount "67"]
[EventDate "2015.02.24"]
[EventType "swiss"]
[EventRounds "11"]
[EventCountry "ISR"]
[SourceTitle "CBM 166"]
[Source "ChessBase"]
[SourceDate "2015.05.11"]
[SourceVersion "1"]
[SourceVersionDate "2015.05.11"]
[SourceQuality "1"]

1. Nf3 Nf6 2. d4 c5 3. c3 d5 4. g3 Nc6 5. Bg2 Bf5 6. Qb3 Qc8 7. Bg5 c4 8. Qd1 Ne4 9. Nbd2 Bh3 10. Bxh3 Qxh3 11. Nxe4 dxe4 12. Nd2 Qg2 13. Rf1 0-0-0 14. Qa4 h6 15. Be3 e6 16. h4 Qh3 17. Nxe4 Qf5 18. Nd2 g5 19. hxg5 hxg5 20. Qxc4 Kb8 21. 0-0-0 Be7 22. Qd3 Qa5 23. Kb1 b5 24. Rh1 b4 25. Rxh8 Rxh8 26. Nb3 Qa4 27. c4 Rd8 28. d5 Na5 29. Nxa5 Qxa5 30. Qe4 Rd6 31. c5 b3 32. cxd6 Qxa2+ 33. Kc1 Qa1+ 34. Qb1 1-0

[Event "EU-ch 16th"]
[Site "Jerusalem"]
[Date "2015.03.02"]
[Round "6"]
[White "Adar, Idan"]
[Black "Gershkowich, David"]
[Result "1-0"]
[WhiteElo "1912"]
[BlackElo "2227"]
[PlyCount "87"]
[EventDate "2015.02.24"]
[EventType "swiss"]
[EventRounds "11"]
[EventCountry "ISR"]
[SourceTitle "CBM 166"]
[Source "ChessBase"]
[SourceDate "2015.05.11"]
[SourceVersion "1"]
[SourceVersionDate "2015.05.11"]
[SourceQuality "1"]

1. d4 Nf6 2. c4 e6 3. Nc3 Bb4 4. e3 0-0 5. Nge2 Re8 6. a3 Bf8 7. Ng3 d5 8. cxd5 exd5 9. Bd3 c5 10. 0-0 Nc6 11. h3 g6 12. dxc5 Bxc5 13. e4 Qd6 14. Kh1 d4 15. Na4 Bb6 16. Nxb6 axb6 17. f4 Nd7 18. e5 Qe7 19. Ne4 f5 20. Nd6 Rf8 21. b4 Ndb8 22. Bc4+ Be6 23. Qb3 Bxc4 24. Qxc4+ Kg7 25. Bb2 Kh6 26. Rad1 Nd7 27. Rfe1 Nd8 28. Qxd4 Ne6 29. Nxf5+ Rxf5 30. Qxd7 Qxd7 31. Rxd7 Nxf4 32. g4 Rff8 33. e6 Rfe8 34. h4 g5 35. Bg7+ Kg6 36. h5+ Nxh5 37. gxh5+ Kxh5 38. Bb2 h6 39. Rxb7 Rac8 40. e7 Rc4 41. Re2 g4 42. Rxb6 g3 43. Kg2 Kg4 44. Rxh6 1-0

[Event "EU-ch 16th"]
[Site "Jerusalem"]
[Date "2015.02.27"]
[Round "4"]
[White "Adar, Idan"]
[Black "Katzir, Moshe"]
[Result "1-0"]
[WhiteElo "1912"]
[BlackElo "2196"]
[PlyCount "66"]
[EventDate "2015.02.24"]
[EventType "swiss"]
[EventRounds "11"]
[EventCountry "ISR"]
[SourceTitle "CBM 166"]
[Source "ChessBase"]
[SourceDate "2015.05.11"]
[SourceVersion "1"]
[SourceVersionDate "2015.05.11"]
[SourceQuality "1"]

1. d4 d5 2. c4 e6 3. Nc3 c6 4. e4 Bb4 5. Bd2 Ne7 6. Nf3 h6 7. Bd3 0-0 8. 0-0 c5 9. a3 Bxc3 10. bxc3 Nbc6 11. cxd5 exd5 12. e5 Bg4 13. h3 Bh5 14. g4 Bg6 15. Qb1 b6 16. Be3 cxd4 17. cxd4 Na5 18. Nh4 Bxd3 19. Qxd3 Nc4 20. f4 Nxe3 21. Qxe3 Nc6 22. g5 Re8 23. Kh1 g6 24. Rg1 h5 25. f5 Qd7 26. fxg6 fxg6 27. Raf1 Nxd4 28. Rf6 Re6 29. Nxg6 Rae8 30. Kh2 Nc6 31. Qf3 Nd4 32. Qxh5 Qg7 33. Nf4 Rc6 1-0